Loading...
| Current Events - Current Events | 3 | 16.67 | 100% | 67% | 0% |
| Fine Arts - Auditory Fine Arts | 2 | 20.00 | 100% | 50% | 50% |
| Fine Arts - Other Fine Arts | 3 | 10.00 | 0% | 67% | 33% |
| Fine Arts - Visual Fine Arts | 5 | 18.00 | 80% | 80% | 20% |
| Geography - Geography | 4 | 15.00 | 50% | 25% | 75% |
| History - American History | 4 | 17.50 | 50% | 25% | 100% |
| History - European History | 4 | 12.50 | 75% | 25% | 25% |
| History - Other History | 3 | 13.33 | 33% | 67% | 33% |
| History - World History | 4 | 12.50 | 50% | 50% | 25% |
| Literature - American Literature | 2 | 10.00 | 0% | 100% | 0% |
| Literature - British Literature | 5 | 12.00 | 80% | 0% | 40% |
| Literature - European Literature | 5 | 18.00 | 60% | 40% | 80% |
| Literature - World Literature | 5 | 16.00 | 40% | 60% | 60% |
| Mythology - Mythology | 2 | 15.00 | 50% | 50% | 50% |
| Philosophy - Philosophy | 2 | 20.00 | 50% | 50% | 100% |
| Religion - Religion | 2 | 10.00 | 50% | 0% | 50% |
| Science - Biology | 5 | 14.00 | 60% | 20% | 60% |
| Science - Chemistry | 2 | 10.00 | 50% | 50% | 0% |
| Science - Other Science | 3 | 20.00 | 67% | 100% | 33% |
| Science - Physics | 5 | 22.00 | 100% | 100% | 20% |
| Social Science - Social Science | 2 | 15.00 | 50% | 100% | 0% |
| Trash - Trash | 1 | 10.00 | 100% | 0% | 0% |